01467 a2200205 45000010006000000050017000060080041000230030015000640400040000790800035001192450110001540200022002642640096002863000019003825050707004010410008011081000026011167000020011428560099011624515020260407155726.0260407a2017 arg spa dAR-UNSa-BCEJYS aAR-UNSa-BCEJYSbspacAR-UNSa-BCEJYS a330.34xDesarrollo Económico10aPlanificación para el desarrollo en América Latina y el Caribepenfoques, experiencias y perspectivas a978-92-1-121964-7 1aSantiago de Chile :bCEPAL (Comisión Económica para América Latina y el Caribe)c2017 a217 p.c22 cm. a1. La planificación para el desarrollo en América Latina y el Caribe: albores y desafíos de cara a la complejidad del siglo XXI – 2. Las experiencias estudiadas y la metodología empleada – 3. El reto de la pluritemporalidad, o la conjugación de tiempos y plazos – 4. El reto de la multiescalaridad: la coordinación entre los niveles de gobierno en los procesos de planificación para el desarrollo – 5. El reto de la intersectorialidad: la conjugación entre lo global y lo sectorial en la planificación para el desarrollo – 6. El reto de la evaluación y el seguimiento de los planes y programas: el desafío del aprendizaje – 7. Resumen, conclusiones y perspectivas -  aspa1 aCuervo, Luis Mauricio1 aMáttar, Jorge41uhttps://www.biblioeco.unsa.edu.ar/pmb/images/libros/L127080.jpgyImagen de portadaqimage/jpeg